书目信息 |
| 书名: | The mystery of the Holy Spirit | |
| 作者: | R.C. Sproul. | |
| 分册号: | ||
| 分册名: | 出版地: | Wheaton, Ill. : |
|
| 出版社: | Tyndale House Publishers | |
| 出版时间: | c1990. | |
| 页数: | 191 p. ; | |
| 开本: | 22 cm. | |
| 丛书名: | ||
| 中图分类号: | ||
| 科图分类号: | ||
| 其他分类号: | B92 | |
| 主题词: | ||
| 电子资源: | ||
| 000 | 00693nam a2200241 a 450 | |
| 001 | E0739166461 | |
| 005 | 20070713110906.26 | |
| 008 | 920820s1990 ilu b 000 0 eng d | |
| 010 | @a89051634 | |
| 020 | @a0842346171. | |
| 035 | @A(DLC) 89051634 | |
| 035 | @a(OCoLC)21125916 | |
| 040 | @aPPiRPT@cPPiRPT@dDLC | |
| 042 | @alccopycat | |
| 050 | 04 | @aBT121.2@b.S67 1990 |
| 090 | @aB92 | |
| 099 | @dB92@ex70 | |
| 100 | 1 | @aSproul, R. C.@q(Robert Charles),@d1939- |
| 245 | 14 | @aThe mystery of the Holy Spirit / @cR.C. Sproul. |
| 260 | @aWheaton, Ill. :@bTyndale House Publishers,@cc1990. | |
| 300 | @a191 p. ;@c22 cm. | |
| 504 | @aIncludes bibliographical references. | |
| 650 | 0 | @aHoly Spirit. |
| The mystery of the Holy Spirit / / R.C. Sproul.-Wheaton, Ill. : : Tyndale House Publishers, , c1990. |
| 191 p. ; ; 22 cm. |
| Includes bibliographical references. |
| ISBN 0842346171. |
| ● |
| 相关链接 |
|
|
|
|
正题名:mystery of the Holy Spirit
索取号:B92/x70
 
预约/预借
| 序号 | 登录号 | 条形码 | 馆藏地/架位号 | 状态 | 备注 |
| 1 | 0013109 | 300131097 | 第二样本阅览室/ [索取号:B92/x70] | 在馆 |